American Geography A-Z - Statistics

General Stats
  • This quiz has been taken 1,009 times
    445 since last reset
  • The average score is 16 of 26
Answer Stats
Letter Clue Answer % Correct
B City That Is Home To the Red Sox Boston
94%
I State Known for Potatoes Idaho
90%
K Flat State Kansas
90%
N Largest City by Population New York
90%
Q Largest NYC Borough by Size Queens
86%
G Southernmost of 13 Original Colonies Georgia
85%
J Largest City In Florida Jacksonville
83%
H State with Lowest Record High Hawaii
81%
V Second Smallest State By Population Vermont
80%
Y A Connecticut University Yale
80%
O Large Chicago Airport O'Hare
77%
W A Quadrangular State Wyoming
77%
M State Home to Billings, Bozeman, and Butte Montana
74%
D Lowest Point Death Valley
72%
S City with the Gateway Arch St. Louis
71%
T Second Largest City In Arizona Tucson
71%
P Where the Pilgrams Landed Plymouth
69%
R "The Biggest Little City in the World" Reno
61%
U Portion of Michigan Attached to Wisconsin Upper Peninsula
45%
E Biggest City That Starts With E El Paso
37%
A Third Largest City In Pennsylvania by Population Allentown
31%
C Where Apple Is Based Cupertino, CA
21%
X Most Common City Name Starting with X in U.S. Xenia
14%
Z Indian Reservation in New Mexico and Arizona Zuni
8%
F Busiest MTA Station Outside of Manhattan Flushing
6%
L City with the Oldest U.S. Zip Code Lancaster, PA
6%
No matching quizzes found
Score Distribution
Percent of People with Each Score
Percentile by Number Answered
Your Score History
You have not taken this quiz since the last reset